The coins exhibited in the Archaeological Museum of the American University of Beirut /

محفوظ في:

المؤلف الرئيسي: Barāmkī, Dīmitrī, 1909- (مؤلف)

مؤلف مشترك: American University of Beirut. Museum of archaeology.

التنسيق: كتاب

اللغة: English

منشور في: Beirut : American University of Beirut, 1968.

سلاسل: American University of Beirut. Centennial publications.

الموضوعات:

الوسوم: إضافة وسم

لا توجد وسوم, كن أول من يضع وسما على هذه التسجيلة!

رقم الطلب: CJ215 .L42 B433 1968

LEADER 00980namaa2200253 4500
001 12111
003 OSt
005 20240819114726.0
008 130303s1968 le a 000 0 eng d
952 |0 0  |1 0  |2 lcc  |4 0  |6 CJ0215 L42 B433 01968  |7 1  |9 57700  |a ARCE  |b ARCE  |d 2023-12-14  |l 0  |o CJ215 .L42 B433 1968  |p 1015514  |r 2023-12-14 00:00:00  |w 2023-12-14  |y BK 
999 |c 10583  |d 10583 
010 |a 73150628 
040 |c ARCE Library 
050 4 |a CJ215 .L42 B433 1968 
100 1 |a Barāmkī, Dīmitrī,  |d 1909-  |e author 
245 1 4 |a The coins exhibited in the Archaeological Museum of the American University of Beirut /  |c by Dimitri Baramki. 
264 1 |a Beirut :  |b American University of Beirut,  |c 1968. 
300 |a 186 pages :  |b illustrations ;  |c 25 cm. 
490 0 |a American University of Beirut. Centennial publications. 
555 |a .alaa-sweed 
650 0 |a Coins, Ancient  |v Exhibitions. 
710 2 |a American University of Beirut.  |b Museum of archaeology. 
901 |a reviewed 
942 |c BK  |2 lcc